Normal view
MARC view
Entry Personal Name
001 - CONTROL NUMBER
- control field: 46165
003 - CONTROL NUMBER IDENTIFIER
- control field: OSt
005 - DATE AND TIME OF LATEST TRANSACTION
- control field: 20160315151536.0
008 - FIXED-LENGTH DATA ELEMENTS
- fixed length control field: 160315|| aca||aabn | a|a d
040 ## - CATALOGING SOURCE
- Original cataloging agency: OSt
- Transcribing agency: OSt
100 ## - HEADING--PERSONAL NAME
- Personal name: शुक्ल चन्द्रशंकर
670 ## - SOURCE DATA FOUND
- Source citation: Work cat.: (OSt)23487: शुक्ल चन्द्रशंकर , गांधीजी के सम्पर्कमें









